A TEXTBOOK OF STATISTICAL MECHANICS (Record no. 9424)

MARC details
000 -LEADER
fixed length control field 00448nam a22001697a 4500
003 - CONTROL NUMBER IDENTIFIER
control field SGT
020 ## - INTERNATIONAL STANDARD BOOK NUMBER
International Standard Book Number 9788123928586
082 ## - DEWEY DECIMAL CLASSIFICATION NUMBER
Classification number 530.13,CHA
100 ## - MAIN ENTRY--PERSONAL NAME
Personal name SURESH CHANDRA
245 ## - TITLE STATEMENT
Title A TEXTBOOK OF STATISTICAL MECHANICS
250 ## - EDITION STATEMENT
Edition statement 2ND
260 ## - PUBLICATION, DISTRIBUTION, ETC. (IMPRINT)
Place of publication, distribution, etc NEW DELHI
Name of publisher, distributor, etc CBS PUBLISHERS
Year of Publication 2016
300 ## - PAGE DESCRIPTION
No. of Pages 341
650 ## - SUBJECT ADDED ENTRY--TOPICAL TERM
Topical term or geographic name as entry element PHYSICS (STATISTICAL MECHANICS)
653 ## - KEYWORDS--INDEX TERM
Keyword term THERMODYNAMICS, FUNDAMENTALS, MICROCANONICAL ENSEMBLE
942 ## - ADDED ENTRY ELEMENTS (KOHA)
Source of classification or shelving scheme Dewey Decimal Classification
Koha item type FPS Books
942 ## - ADDED ENTRY ELEMENTS (KOHA)
-- 21
Holdings
Withdrawn status Lost status Source of classification or shelving scheme Damaged status Not for loan Collection code Home library Current library Shelving location Date acquired Vendor Name Cost, normal purchase price SGTU Bill Number Total Checkouts Full call number Accession No. (Barcode) Date last seen Date last borrowed Bill Date Koha item type
    Dewey Decimal Classification     SCIENCE SGT Science & Social Sciences Library SGT Science & Social Sciences Library Text Book 02/07/2016 AHUJA BOOK 295.00 SGTU 6687 33 530.13,CHA PS1521 25/02/2025 20/02/2025 03/03/2016 FPS Books
    Dewey Decimal Classification   Not For Loan SCIENCE SGT Science & Social Sciences Library SGT Science & Social Sciences Library Reference Book 02/07/2016 AHUJA BOOK 295.00 SGTU 6687   530.13,CHA PS1522 02/07/2016   03/03/2016 FPS Books